书目信息 |
| 题名: |
发酵生态工程
|
|
| 作者: | 耿金菊 , 何宁 , 任洪强 编著 | |
| 分册: | ||
| 出版信息: | 北京 化学工业出版社 2012 |
|
| 页数: | 221页 | |
| 开本: | 26cm | |
| 丛书名: | 产业生态工程丛书 | |
| 单 册: | ||
| 中图分类: | TQ92 | |
| 科图分类: | ||
| 主题词: | 发酵工程--生态工程 | |
| 电子资源: | ||
| ISBN: | 978-7-122-13493-6 | |
| 000 | 01002oam2 2200277 45 | |
| 001 | 1338829344 | |
| 005 | 20130514152350.03 | |
| 010 | @a978-7-122-13493-6@dCNY48.00 | |
| 100 | @a20130108d2012 em y0chiy50 ea | |
| 101 | 0 | @achi |
| 102 | @aCN@b110000 | |
| 105 | @ay z 000yy | |
| 106 | @ar | |
| 200 | 1 | @a发酵生态工程@AFa Jiao Sheng Tai Gong Cheng@f任洪强,耿金菊,何宁编著@FRen Hong Qiang, Geng Jin Ju, He Ning Bian Zhu |
| 210 | @a北京@c化学工业出版社@d2012 | |
| 215 | @a221页@d26cm | |
| 225 | 2 | @a产业生态工程丛书 |
| 330 | @a本书分别介绍了发酵生态工程优化控制的生物过程和生化过程基础;发酵废弃物能源化工程;发酵工业废水生化处理过程以及发酵废弃物资源化工程;用于环境质量改善的发酵生态制剂的研究与开发。 | |
| 461 | 0 | @12001 @a产业生态工程丛书 |
| 606 | 0 | @a发酵工程@x生态工程 |
| 690 | @aTQ92@v5 | |
| 701 | 0 | @a耿金菊@AGeng Jin Ju@4编著 |
| 701 | 0 | @a何宁@AHe Ning@4编著 |
| 701 | 0 | @a任洪强@ARen Hong Qiang@4编著 |
| 801 | @aCN@bTANGWEI@c20130108 | |
| 905 | @b0819974-78@dTQ92@e32@f5 | |
| 发酵生态工程/任洪强,耿金菊,何宁编著.-北京:化学工业出版社,2012 |
| 221页;26cm.-(产业生态工程丛书) |
| ISBN 978-7-122-13493-6:CNY48.00 |
| 本书分别介绍了发酵生态工程优化控制的生物过程和生化过程基础;发酵废弃物能源化工程;发酵工业废水生化处理过程以及发酵废弃物资源化工程;用于环境质量改善的发酵生态制剂的研究与开发。 |
| ● |
| 相关链接 |
|
|
|
|
正题名:发酵生态工程
索取号:TQ92/32
 
预约/预借
| 序号 | 登录号 | 条形码 | 馆藏地/架位号 | 状态 | 备注 |
| 1 | 0819974 | 208199741 | 第二样本阅览室/ [索取号:TQ92/32] | 在馆 | |
| 2 | 0819975 | 208199750 | 第三借阅区/ [索取号:TQ92/32] | 在馆 | |
| 3 | 0819976 | 208199769 | 第三借阅区/ [索取号:TQ92/32] | 在馆 | |
| 4 | 0819977 | 208199778 | 第三借阅区/ [索取号:TQ92/32] | 在馆 | |
| 5 | 0819978 | 208199787 | 第三借阅区/ [索取号:TQ92/32] | 在馆 |